[Event "GER-ch Seniors 65 31st"]
[Site "Radebeul"]
[Date "2019.05.02"]
[Round "7"]
[White "Eskandary, Jahja"]
[Black "Neumann, Joachim"]
[Result "0-1"]
[WhiteElo "2062"]
[BlackElo "2116"]
[PlyCount "78"]
[EventDate "2019.04.26"]
[EventType "swiss"]
[EventRounds "9"]
[EventCountry "GER"]
[SourceTitle "CBM 190 Extra"]
[Source "ChessBase"]
[SourceDate "2019.07.15"]
[SourceVersion "1"]
[SourceVersionDate "2019.07.15"]
[SourceQuality "1"]

1. e4 c5 2. Nc3 e6 3. Bc4 a6 4. d3 b5 5. Bb3 Bb7 6. a3 Nf6 7. Nf3 Be7 8. 0-0 d5 9. exd5 exd5 10. d4 c4 11. Ba2 0-0 12. Bf4 Nc6 13. Rc1 Ne4 14. Nb1 b4 15. Ne5 bxa3 16. Nxc6 Bxc6 17. bxa3 Qb6 18. c3 Qa5 19. f3 Nf6 20. Rf2 Rfe8 21. Bg5 Ne4 22. fxe4 Bxg5 23. Nd2 Be3 24. exd5 Qxd5 25. Qf1 Qg5 26. Bxc4 Bxg2 27. Bxf7+ Kh8 28. h4 Qg3 29. Qxg2 Bxf2+ 30. Kh1 Qxh4+ 31. Qh2 Qxh2+ 32. Kxh2 Re2 33. Nb3 Be3+ 34. Kg3 Bxc1 35. Nxc1 Rc2 36. Na2 Rb8 37. Be6 Rb6 38. Bc4 Rc6 39. Bd5 R6xc3+ 0-1

[Event "GER-ch Seniors 65 31st"]
[Site "Radebeul"]
[Date "2019.04.27"]
[Round "2"]
[White "Postler, Reinhard"]
[Black "Eskandary, Jahja"]
[Result "1/2-1/2"]
[WhiteElo "2247"]
[BlackElo "2062"]
[PlyCount "97"]
[EventDate "2019.04.26"]
[EventType "swiss"]
[EventRounds "9"]
[EventCountry "GER"]
[SourceTitle "CBM 190 Extra"]
[Source "ChessBase"]
[SourceDate "2019.07.15"]
[SourceVersion "1"]
[SourceVersionDate "2019.07.15"]
[SourceQuality "1"]

1. e4 e5 2. Nf3 Nc6 3. Bb5 a6 4. Ba4 d6 5. c3 f5 6. exf5 Bxf5 7. 0-0 Bd3 8. Re1 Be7 9. Bc2 Bxc2 10. Qxc2 Nf6 11. d4 exd4 12. cxd4 Qd7 13. Nc3 0-0 14. d5 Nb4 15. Qd1 a5 16. a3 Na6 17. Qc2 Nc5 18. Be3 Ng4 19. Bxc5 dxc5 20. h3 Nh6 21. Ne5 Qf5 22. Qxf5 Nxf5 23. Nb5 Bd6 24. Nc4 b6 25. Re6 Rad8 26. Rae1 Rf6 27. Rxf6 gxf6 28. Re6 Kf7 29. Kf1 Kg6 30. Ncxd6 cxd6 31. g4 Nd4 32. Rxd6 Rxd6 33. Nxd6 f5 34. gxf5+ Nxf5 35. Nc4 b5 36. Nxa5 Nd6 37. Nc6 Kf5 38. b4 c4 39. Nd4+ Ke5 40. Nc2 Kxd5 41. Ke2 Ke4 42. f3+ Kf4 43. Kf2 Nf5 44. a4 bxa4 45. b5 Nd6 46. b6 Nb7 47. Na3 c3 48. Nc2 Nc5 49. Na3 1/2-1/2

[Event "WchT Seniors 65"]
[Site "Radebeul"]
[Date "2016.07.02"]
[Round "7.11"]
[White "Rosen, Willy"]
[Black "Eskandary, Jahja"]
[Result "1-0"]
[WhiteElo "2266"]
[BlackElo "2065"]
[PlyCount "63"]
[EventDate "2016.06.26"]
[EventType "team-swiss"]
[EventRounds "9"]
[EventCountry "GER"]
[SourceTitle "CBM 173 Extra"]
[Source "ChessBase"]
[SourceDate "2016.08.29"]
[SourceVersion "1"]
[SourceVersionDate "2016.08.29"]
[SourceQuality "1"]
[WhiteTeam "Katernberg"]
[BlackTeam "Dresden Springer"]
[WhiteTeamCountry "GER"]
[BlackTeamCountry "GER"]

1. e4 e5 2. Nf3 Nc6 3. Be2 Nf6 4. d3 Bc5 5. 0-0 d6 6. c3 0-0 7. Nbd2 h6 8. b4 Bb6 9. a3 a6 10. Bb2 g5 11. Nc4 Ba7 12. Qd2 Kh7 13. Bc1 Ng8 14. Ne3 Nce7 15. d4 Ng6 16. g3 Be6 17. Bb2 Nf6 18. Qc2 c6 19. Rfd1 Qc7 20. Bf1 Rfe8 21. Nf5 Bxf5 22. exf5 Nf8 23. c4 e4 24. d5 N6d7 25. dxc6 bxc6 26. Nd4 Ne5 27. Bg2 Rac8 28. Rac1 Nd3 29. Rxd3 exd3 30. Qxd3 Ng6 31. f6 Kg8 32. Qf5 1-0

[Event "WchT Seniors 65"]
[Site "Radebeul"]
[Date "2016.07.01"]
[Round "6.15"]
[White "Eskandary, Jahja"]
[Black "Pamperin, Gerhard"]
[Result "1/2-1/2"]
[WhiteElo "2065"]
[BlackElo "1936"]
[PlyCount "20"]
[EventDate "2016.06.26"]
[EventType "team-swiss"]
[EventRounds "9"]
[EventCountry "GER"]
[SourceTitle "CBM 173 Extra"]
[Source "ChessBase"]
[SourceDate "2016.08.29"]
[SourceVersion "1"]
[SourceVersionDate "2016.08.29"]
[SourceQuality "1"]
[WhiteTeam "Dresden Springer"]
[BlackTeam "Mecklenburg Vorpommern"]
[WhiteTeamCountry "GER"]
[BlackTeamCountry "GER"]

1. e4 e6 2. Ne2 d5 3. exd5 exd5 4. Ng3 Nf6 5. d4 Bd6 6. Bd3 0-0 7. Nf5 Re8+ 8. Be3 Bxf5 9. Bxf5 Bf4 10. Qf3 Bxe3 1/2-1/2

[Event "WchT Seniors 65"]
[Site "Radebeul"]
[Date "2016.06.26"]
[Round "1.1"]
[White "Sveshnikov, Evgeny"]
[Black "Eskandary, Jahja"]
[Result "1-0"]
[WhiteElo "2509"]
[BlackElo "2065"]
[PlyCount "55"]
[EventDate "2016.06.26"]
[EventType "team-swiss"]
[EventRounds "9"]
[EventCountry "GER"]
[SourceTitle "CBM 173 Extra"]
[Source "ChessBase"]
[SourceDate "2016.08.29"]
[SourceVersion "1"]
[SourceVersionDate "2016.08.29"]
[SourceQuality "1"]
[WhiteTeam "Russia 65+"]
[BlackTeam "Dresden Springer"]
[WhiteTeamCountry "RUS"]
[BlackTeamCountry "GER"]

1. d4 d6 2. e4 Nd7 3. f4 e5 4. Nf3 exd4 5. Qxd4 Ne7 6. Be3 Nc6 7. Qd2 Nf6 8. Nc3 Qe7 9. 0-0-0 Nxe4 10. Nxe4 Qxe4 11. Bb5 Be7 12. Rhe1 Kf8 13. Bd4 Qf5 14. Bxc6 bxc6 15. Bxg7+ Kxg7 16. Rxe7 Qf6 17. Rxc7 Be6 18. Qxd6 Rhd8 19. Qe5 Bd5 20. Qxf6+ Kxf6 21. Ne5 Rdc8 22. Rxc8 Rxc8 23. c4 Be6 24. Rd6 c5 25. g4 Ke7 26. Ra6 Rc7 27. f5 Bc8 28. Rh6 1-0

[Event "Dresden ZMD op 23rd"]
[Site "Dresden"]
[Date "2014.08.21"]
[Round "7"]
[White "Schnoor, Ekkehard"]
[Black "Eskandary, Jahja"]
[Result "1-0"]
[WhiteElo "2165"]
[BlackElo "2116"]
[PlyCount "51"]
[EventDate "2014.08.15"]
[EventType "swiss"]
[EventRounds "9"]
[EventCountry "GER"]
[SourceTitle "CBM 161 Extra"]
[Source "ChessBase"]
[SourceDate "2014.08.29"]
[SourceVersion "1"]
[SourceVersionDate "2014.08.29"]
[SourceQuality "1"]

1. e4 e5 2. Nf3 Nc6 3. Bb5 a6 4. Ba4 d6 5. 0-0 Bg4 6. h3 h5 7. d4 Qf6 8. dxe5 dxe5 9. hxg4 hxg4 10. Bg5 Qe6 11. Nh2 g3 12. Ng4 Qg6 13. Bxc6+ bxc6 14. Be3 Rd8 15. Qf3 Rh4 16. Qxg3 Rxg4 17. Qxe5+ Be7 18. g3 Rxe4 19. Qxc7 Nh6 20. Bxh6 Qxh6 21. Nc3 Re6 22. Rad1 Qh5 23. Kg2 Rf6 24. Rxd8+ Bxd8 25. Re1+ Re6 26. Qxc6+ 1-0

[Event "Dresden ZMD op 23rd"]
[Site "Dresden"]
[Date "2014.08.20"]
[Round "6"]
[White "Eskandary, Jahja"]
[Black "Vogel, Jaap"]
[Result "0-1"]
[WhiteElo "2116"]
[BlackElo "2224"]
[PlyCount "102"]
[EventDate "2014.08.15"]
[EventType "swiss"]
[EventRounds "9"]
[EventCountry "GER"]
[SourceTitle "CBM 161 Extra"]
[Source "ChessBase"]
[SourceDate "2014.08.29"]
[SourceVersion "1"]
[SourceVersionDate "2014.08.29"]
[SourceQuality "1"]

1. e4 e6 2. d4 d5 3. Nc3 Bb4 4. a3 Bxc3+ 5. bxc3 Ne7 6. Bd3 b6 7. Qg4 Ng6 8. e5 Ba6 9. Bxa6 Nxa6 10. h4 h5 11. Qe2 Nb8 12. Nf3 Nc6 13. Bg5 Qd7 14. a4 Na5 15. Nd2 Rc8 16. Nb3 Nc4 17. Nd2 Nxd2 18. Qxd2 c5 19. 0-0 Ne7 20. Bxe7 Qxe7 21. g3 0-0 22. a5 b5 23. a6 cxd4 24. cxd4 b4 25. Rfb1 Rc4 26. Ra4 Rb8 27. Rb3 Rb6 28. Ra2 Qc7 29. Rab2 Qc8 30. Kg2 Qxa6 31. Rxb4 Rcxb4 32. Rxb4 Rxb4 33. Qxb4 Qc8 34. Qa4 a6 35. Kf3 Kh7 36. Ke3 Qc3+ 37. Ke2 a5 38. Kd1 Kg6 39. Ke2 Kf5 40. f3 Kg6 41. Kf2 Qd2+ 42. Kf1 Qd3+ 43. Kg2 Qe2+ 44. Kg1 Qxf3 45. Kh2 Qf2+ 46. Kh1 Qxg3 47. Qa1 Qxh4+ 48. Kg2 Qe4+ 49. Kh3 Qf3+ 50. Kh2 Qf2+ 51. Kh3 h4 0-1

[Event "Dresden ZMD op 23rd"]
[Site "Dresden"]
[Date "2014.08.18"]
[Round "4"]
[White "Eskandary, Jahja"]
[Black "Mueller, Michael"]
[Result "0-1"]
[WhiteElo "2116"]
[BlackElo "2246"]
[PlyCount "128"]
[EventDate "2014.08.15"]
[EventType "swiss"]
[EventRounds "9"]
[EventCountry "GER"]
[SourceTitle "CBM 161 Extra"]
[Source "ChessBase"]
[SourceDate "2014.08.29"]
[SourceVersion "1"]
[SourceVersionDate "2014.08.29"]
[SourceQuality "1"]

1. e4 c5 2. Nc3 Nc6 3. Bc4 e6 4. d3 Nf6 5. Bf4 d6 6. a3 Be7 7. Ba2 e5 8. Bd2 Be6 9. Bxe6 fxe6 10. Nf3 0-0 11. 0-0 Qe8 12. Ng5 Nd8 13. f4 exf4 14. Bxf4 h6 15. Nh3 e5 16. Bd2 Ne6 17. Ne2 Nh5 18. Rxf8+ Bxf8 19. Qf1 Rc8 20. b3 Rc7 21. Qf3 Rf7 22. Qg4 Rf6 23. Rf1 Rg6 24. Qf3 Be7 25. Nc3 Nd4 26. Qd1 Nf6 27. Kh1 Qd7 28. Nf2 Qe6 29. a4 a6 30. Be3 Bd8 31. Nb1 d5 32. c3 dxe4 33. cxd4 exd4 34. dxe4 Bc7 35. Bxd4 cxd4 36. Qxd4 Qxb3 37. Nd2 Qe6 38. Qc4 Qxc4 39. Nxc4 Rg5 40. Re1 b5 41. axb5 axb5 42. Nb2 Bb6 43. Nfd3 Kf7 44. g3 Bd4 45. Kg2 Ng4 46. Nd1 Ne5 47. Nxe5+ Rxe5 48. Kf3 b4 49. Nf2 Rc5 50. Nd3 Rc3 51. Rd1 b3 52. Kf4 Ke6 53. e5 Rc4 54. Rb1 b2 55. Kf3 Kd5 56. Ke2 Rc2+ 57. Kf3 Rxh2 58. Kf4 Rd2 59. Nb4+ Ke6 60. Nc6 Bc3 61. Ke4 Rd5 62. Kf4 Kd7 63. Nb4 Rd4+ 64. Kf5 Rxb4 0-1

[Event "Dresden ZMD op 23rd"]
[Site "Dresden"]
[Date "2014.08.15"]
[Round "1"]
[White "Langheinrich, Ferenc"]
[Black "Eskandary, Jahja"]
[Result "1-0"]
[WhiteElo "2439"]
[BlackElo "2116"]
[PlyCount "31"]
[EventDate "2014.08.15"]
[EventType "swiss"]
[EventRounds "9"]
[EventCountry "GER"]
[SourceTitle "CBM 161 Extra"]
[Source "ChessBase"]
[SourceDate "2014.08.29"]
[SourceVersion "1"]
[SourceVersionDate "2014.08.29"]
[SourceQuality "1"]

1. Nf3 d6 2. d4 Nd7 3. c4 e5 4. Nc3 c6 5. g3 Ngf6 6. Bg2 Be7 7. 0-0 Qc7 8. Qc2 Nf8 9. b3 Ng6 10. Bb2 h5 11. h4 Ng4 12. c5 dxc5 13. dxe5 N4xe5 14. Nxe5 Nxe5 15. Na4 b6 16. Bxe5 1-0

[Event "EU-chT Seniors 15th"]
[Site "Dresden"]
[Date "2013.07.28"]
[Round "9"]
[White "Nyberg, Bo"]
[Black "Eskandary, Jahja"]
[Result "1/2-1/2"]
[WhiteElo "1852"]
[BlackElo "2108"]
[PlyCount "38"]
[EventDate "2013.07.20"]
[EventType "team-swiss"]
[EventRounds "9"]
[EventCountry "GER"]
[SourceTitle "CBM 155 Extra"]
[Source "ChessBase"]
[SourceDate "2013.08.26"]
[SourceVersion "1"]
[SourceVersionDate "2013.08.26"]
[SourceQuality "1"]
[WhiteTeam "Sweden IV"]
[BlackTeam "Dresden Lokomotiv"]
[WhiteTeamCountry "SWE"]
[BlackTeamCountry "GER"]

1. d4 d6 2. Bf4 Nd7 3. Nf3 Ngf6 4. e3 c6 5. Nbd2 Qb6 6. Nc4 Qc7 7. a4 Nh5 8. Bg5 h6 9. Bh4 g5 10. Bg3 Nxg3 11. hxg3 Bg7 12. c3 d5 13. Ncd2 e5 14. Nxe5 Nxe5 15. dxe5 Bxe5 16. Nf3 Bg7 17. Bd3 Bg4 18. Qc2 Qd7 19. Nd4 Bxd4 1/2-1/2

[Event "EU-chT Seniors 15th"]
[Site "Dresden"]
[Date "2013.07.21"]
[Round "2"]
[White "Morant, Paul"]
[Black "Eskandary, Jahja"]
[Result "1-0"]
[WhiteElo "2166"]
[BlackElo "2108"]
[PlyCount "69"]
[EventDate "2013.07.20"]
[EventType "team-swiss"]
[EventRounds "9"]
[EventCountry "GER"]
[SourceTitle "CBM 155 Extra"]
[Source "ChessBase"]
[SourceDate "2013.08.26"]
[SourceVersion "1"]
[SourceVersionDate "2013.08.26"]
[SourceQuality "1"]
[WhiteTeam "Finland"]
[BlackTeam "Dresden Lokomotiv"]
[WhiteTeamCountry "FIN"]
[BlackTeamCountry "GER"]

1. e4 e5 2. Nf3 Nc6 3. Bb5 a6 4. Ba4 d6 5. 0-0 Bg4 6. h3 Bd7 7. c3 h6 8. d4 Qf6 9. Re1 Nge7 10. Na3 b5 11. Bb3 Na5 12. Bc2 g5 13. Be3 Rg8 14. Nh2 Ng6 15. Bd3 Nf4 16. Bf1 Qg6 17. c4 bxc4 18. Rc1 Be7 19. Nxc4 Nxc4 20. Rxc4 Bd8 21. dxe5 dxe5 22. Rc5 Qd6 23. Qc2 c6 24. Rd1 Qc7 25. Rc3 Be7 26. Bc4 Rg6 27. Qb3 Be6 28. Bb6 Qc8 29. Qa4 Bxc4 30. Qxc4 Rb8 31. Rb3 Rd6 32. Rxd6 Bxd6 33. a4 Ne6 34. Ng4 Qd7 35. Nf6+ 1-0

[Event "GER-ch Seniors"]
[Site "Dresden"]
[Date "2012.08.16"]
[Round "8"]
[White "Achenbach, Manfred"]
[Black "Eskandary, Jahja"]
[Result "1-0"]
[WhiteElo "2128"]
[BlackElo "2118"]
[PlyCount "81"]
[EventDate "2012.08.09"]
[EventType "swiss"]
[EventRounds "9"]
[EventCountry "GER"]
[SourceTitle "EXT 2014"]
[Source "ChessBase"]
[SourceDate "2013.11.20"]
[SourceVersion "1"]
[SourceVersionDate "2013.11.20"]
[SourceQuality "1"]

1. Nf3 d6 2. d4 Nd7 3. c4 e5 4. Nc3 c6 5. g3 Ngf6 6. Bg2 Be7 7. 0-0 Qc7 8. b3 Nf8 9. Ba3 Ng6 10. Rc1 Bf5 11. Qd2 Rd8 12. Rfe1 Qc8 13. Ng5 h6 14. Nge4 Bh3 15. Bh1 Nxe4 16. Bxe4 f5 17. Bh1 Bg5 18. e3 0-0 19. dxe5 dxe5 20. Qe2 Rf7 21. Rcd1 e4 22. Bb2 Re8 23. Nb1 Bg4 24. f3 exf3 25. Qf2 Qe6 26. Bd4 b6 27. c5 b5 28. Bxf3 Ne5 29. Be2 Bxe2 30. Qxe2 Ng4 31. Qf3 Bxe3+ 32. Bxe3 Nxe3 33. Rd3 f4 34. Nd2 Qg6 35. Rd6 Qg5 36. Qxc6 Ref8 37. Nf3 Qg4 38. Ne5 Qh3 39. Nxf7 fxg3 40. Rd2 Nf1 41. Rg2 1-0

[Event "GER-ch Seniors"]
[Site "Dresden"]
[Date "2012.08.12"]
[Round "4"]
[White "Reer, Erdmann"]
[Black "Eskandary, Jahja"]
[Result "0-1"]
[WhiteElo "2062"]
[BlackElo "2118"]
[PlyCount "131"]
[EventDate "2012.08.09"]
[EventType "swiss"]
[EventRounds "9"]
[EventCountry "GER"]
[SourceTitle "EXT 2014"]
[Source "ChessBase"]
[SourceDate "2013.11.20"]
[SourceVersion "1"]
[SourceVersionDate "2013.11.20"]
[SourceQuality "1"]

1. e4 e5 2. Nf3 Nc6 3. Bb5 a6 4. Bxc6 dxc6 5. d4 exd4 6. Qxd4 Bg4 7. Qxd8+ Rxd8 8. Bg5 f6 9. Be3 Bxf3 10. gxf3 Bd6 11. Nd2 Ne7 12. 0-0-0 0-0 13. Nb3 b6 14. Nd4 Kf7 15. Ne2 Rfe8 16. f4 Ng6 17. f3 f5 18. e5 Bf8 19. Nd4 Ne7 20. Bf2 c5 21. Ne2 g6 22. Bh4 Ke6 23. c4 Rxd1+ 24. Rxd1 Nc6 25. Bf2 Bh6 26. Kc2 Rd8 27. Rxd8 Nxd8 28. h4 Kd7 29. Kc3 Ne6 30. Be3 Kc6 31. b3 b5 32. Kd3 Bf8 33. Bf2 Be7 34. Bg3 Kb6 35. Be1 c6 36. Ke3 Kc7 37. Kd3 Kd7 38. Ke3 Ke8 39. a4 Kf7 40. Kd3 b4 41. Ke3 Kg7 42. Bf2 Kh6 43. Kd3 Bd8 44. Kd2 a5 45. Kd3 Kh5 46. Ng3+ Kxh4 47. Nxf5+ Kh3 48. Nd6 Kg2 49. Ke3 Nd4 50. Nf7 Be7 51. Ng5 h6 52. Nf7 h5 53. Nh6 h4 54. Ng4 h3 55. Ke4 h2 56. Nxh2 Kxf2 57. Ng4+ Ke2 58. Ne3 Nxb3 59. f5 Nd2+ 60. Kf4 g5+ 61. Kg4 Kxe3 62. f6 Bd8 63. Kxg5 Nxf3+ 64. Kf5 Nxe5 65. Kxe5 Bxf6+ 66. Kxf6 0-1

[Event "Dresden ZMD op"]
[Site "Dresden"]
[Date "2010.07.16"]
[Round "7"]
[White "Eskandary, Jahja"]
[Black "Schnepel, Thomas"]
[Result "1/2-1/2"]
[WhiteElo "2155"]
[BlackElo "1916"]
[PlyCount "34"]
[EventDate "2010.07.10"]
[EventType "swiss"]
[EventRounds "9"]
[EventCountry "GER"]
[SourceTitle "CBM 137 Extra"]
[Source "ChessBase"]
[SourceDate "2010.09.01"]
[SourceVersion "1"]
[SourceVersionDate "2010.09.01"]
[SourceQuality "1"]

1. e4 c5 2. Nc3 Nc6 3. Bc4 g6 4. d3 Bg7 5. Be3 d6 6. Qd2 e6 7. Nge2 a6 8. a3 Bd7 9. d4 cxd4 10. Nxd4 Ne5 11. Be2 Rc8 12. Nb3 Nc4 13. Bxc4 Rxc4 14. Qxd6 Rxc3 15. bxc3 Bxc3+ 16. Bd2 Bxa1 17. Nxa1 Bc6 1/2-1/2

[Event "Dresden ZMD op"]
[Site "Dresden"]
[Date "2010.07.11"]
[Round "2"]
[White "Smagulov, Aman"]
[Black "Eskandary, Jahja"]
[Result "0-1"]
[WhiteElo "1828"]
[BlackElo "2155"]
[PlyCount "103"]
[EventDate "2010.07.10"]
[EventType "swiss"]
[EventRounds "9"]
[EventCountry "GER"]
[SourceTitle "CBM 137 Extra"]
[Source "ChessBase"]
[SourceDate "2010.09.01"]
[SourceVersion "1"]
[SourceVersionDate "2010.09.01"]
[SourceQuality "1"]

1. d4 d6 2. c4 Nd7 3. Nc3 e5 4. e3 f5 5. dxe5 dxe5 6. b3 Bb4 7. Bb2 Ngf6 8. Nf3 Ne4 9. Rc1 c6 10. Qc2 Qa5 11. a4 0-0 12. Be2 Nxc3 13. Bxc3 e4 14. Nd2 Nc5 15. 0-0 Be6 16. Bxb4 Qxb4 17. Qc3 Qxc3 18. Rxc3 Rfd8 19. Rd1 Rd7 20. Nf1 Rad8 21. Rxd7 Rxd7 22. f3 exf3 23. gxf3 Kf7 24. Kf2 Kf6 25. Ke1 a5 26. Ng3 Kg5 27. Nf1 Kf6 28. Kf2 g5 29. Ke1 Ke5 30. Kf2 g4 31. f4+ Kd6 32. Ke1 Kc7 33. Nd2 h5 34. Nf1 h4 35. Nd2 Kb6 36. Bf1 Bf7 37. Be2 Bh5 38. Nf1 Kc7 39. Bd1 Rxd1+ 40. Kxd1 g3+ 41. Ke1 g2 42. Kf2 Ne4+ 43. Kxg2 Nxc3 44. Kh3 Bd1 45. Nd2 Ne4 46. Nxe4 fxe4 47. Kxh4 Bxb3 48. Kg5 b5 49. Kf5 bxa4 50. h4 a3 51. h5 a2 52. Kxe4 0-1

[Event "GER-chT Seniors 18th"]
[Site "Finsterbergen"]
[Date "2009.09.18"]
[Round "7"]
[White "Oechslein, Rainer"]
[Black "Eskandary, Jahja"]
[Result "1-0"]
[WhiteElo "2251"]
[BlackElo "2112"]
[PlyCount "81"]
[EventDate "2009.09.12"]
[EventType "team-swiss"]
[EventRounds "7"]
[EventCountry "GER"]
[SourceTitle "CBM 132 Extra"]
[Source "ChessBase"]
[SourceDate "2009.11.03"]
[SourceVersion "1"]
[SourceVersionDate "2009.11.03"]
[SourceQuality "1"]

1. e4 e5 2. Nf3 Nc6 3. Bb5 a6 4. Ba4 d6 5. 0-0 Bg4 6. c3 Qf6 7. d3 Nge7 8. Nbd2 Ng6 9. h3 h5 10. Bxc6+ bxc6 11. Qa4 Bd7 12. Nc4 Qd8 13. Be3 Be7 14. Qc2 Nf4 15. d4 f6 16. dxe5 fxe5 17. Bxf4 exf4 18. e5 0-0 19. exd6 cxd6 20. Rad1 Bf5 21. Qd2 d5 22. Nce5 Qc7 23. c4 Be4 24. Rfe1 Rab8 25. a3 Bf6 26. cxd5 cxd5 27. Rxe4 dxe4 28. Qd5+ Rf7 29. Nxf7 Qxf7 30. Qxe4 Rxb2 31. Qa8+ Kh7 32. Qxa6 Qa2 33. Qd3+ Kh6 34. Qf5 Rb6 35. Qxf4+ g5 36. Qf5 Qg8 37. a4 Ra6 38. a5 Bc3 39. Rd5 Rg6 40. h4 Bf6 41. hxg5+ 1-0

[Event "GER-chT Seniors 18th"]
[Site "Finsterbergen"]
[Date "2009.09.13"]
[Round "2"]
[White "Eskandary, Jahja"]
[Black "Lieb, Harald"]
[Result "1/2-1/2"]
[WhiteElo "2112"]
[BlackElo "2229"]
[PlyCount "99"]
[EventDate "2009.09.12"]
[EventType "team-swiss"]
[EventRounds "7"]
[EventCountry "GER"]
[SourceTitle "CBM 132 Extra"]
[Source "ChessBase"]
[SourceDate "2009.11.03"]
[SourceVersion "1"]
[SourceVersionDate "2009.11.03"]
[SourceQuality "1"]

1. e4 e6 2. Ne2 d5 3. exd5 exd5 4. Ng3 Bd6 5. d4 Ne7 6. Bd3 0-0 7. Qh5 Ng6 8. 0-0 c6 9. Nf5 Bxf5 10. Bxf5 Nd7 11. Bg5 Be7 12. Bxe7 Qxe7 13. Nd2 Nf6 14. Qd1 Rfe8 15. g3 Qb4 16. Nb3 Re7 17. c3 Qb6 18. Qd2 Rae8 19. Rae1 a5 20. Rxe7 Nxe7 21. Bb1 Nc8 22. Nc5 Nd6 23. b3 Qd8 24. Re1 Rxe1+ 25. Qxe1 b6 26. Nd3 Kf8 27. f3 Qc8 28. a4 c5 29. Qe5 Qc6 30. dxc5 bxc5 31. Nb2 h6 32. Kg2 Nd7 33. Qf4 Qb6 34. c4 d4 35. Bc2 Ne8 36. Nd3 Qc7 37. Qf5 Nef6 38. Nf2 Qe5 39. Qxe5 Nxe5 40. h3 Nc6 41. f4 Nb4 42. Bb1 Ke7 43. Kf3 Ne8 44. Ne4 Na6 45. Nf2 Nd6 46. Nd1 Kf6 47. Nf2 Nb4 48. Nd1 Ke6 49. Nf2 f6 50. Kg4 1/2-1/2

[Event "Dresden ZMD op"]
[Site "Dresden"]
[Date "2009.07.31"]
[Round "7"]
[White "Rudolf, Sebastian"]
[Black "Eskandary, Jahja"]
[Result "1-0"]
[WhiteElo "2162"]
[BlackElo "2112"]
[PlyCount "59"]
[EventDate "2009.07.25"]
[EventType "swiss"]
[EventRounds "9"]
[EventCountry "GER"]
[SourceTitle "CBM 131 Extra"]
[Source "ChessBase"]
[SourceDate "2009.09.03"]
[SourceVersion "2"]
[SourceVersionDate "2009.09.16"]
[SourceQuality "1"]

1. e4 e5 2. Nf3 Nc6 3. d4 exd4 4. Nxd4 Bc5 5. Nxc6 Qf6 6. Qd2 Qxc6 7. Bd3 Ne7 8. 0-0 d6 9. Qg5 Qd7 10. h3 0-0 11. Nc3 f5 12. Bd2 Bd4 13. exf5 Nxf5 14. Qg4 Be5 15. Qc4+ Qf7 16. Qxf7+ Kxf7 17. g4 Ne7 18. f4 Bd4+ 19. Kg2 Kg8 20. Rae1 Ng6 21. Nb5 Bb6 22. Kg3 a6 23. Nc3 c6 24. h4 Bd8 25. Rh1 Bd7 26. Ne4 Bc7 27. h5 Nh8 28. Ng5 g6 29. Re7 Rad8 30. hxg6 1-0

[Event "Dresden ZMD op"]
[Site "Dresden"]
[Date "2009.07.26"]
[Round "2"]
[White "Matschewsky, Justus"]
[Black "Eskandary, Jahja"]
[Result "0-1"]
[WhiteElo "1719"]
[BlackElo "2112"]
[PlyCount "56"]
[EventDate "2009.07.25"]
[EventType "swiss"]
[EventRounds "9"]
[EventCountry "GER"]
[SourceTitle "CBM 131 Extra"]
[Source "ChessBase"]
[SourceDate "2009.09.03"]
[SourceVersion "2"]
[SourceVersionDate "2009.09.16"]
[SourceQuality "1"]

1. e4 e5 2. Nf3 Nc6 3. Bc4 Bc5 4. c3 Qe7 5. d4 exd4 6. 0-0 d3 7. e5 h6 8. Re1 Bxf2+ 9. Kxf2 Qc5+ 10. Re3 Qxc4 11. Rxd3 Qe6 12. Na3 a6 13. Nc2 Nge7 14. Ncd4 Qg6 15. Bf4 0-0 16. Qd2 Nd8 17. Ng1 Nf5 18. Nxf5 Qxf5 19. Rg3 Ne6 20. Ne2 Nc5 21. Nd4 Ne4+ 22. Ke3 Qh7 23. Rxg7+ Kxg7 24. Qe2 d5 25. g4 Nc5 26. Nf5+ Bxf5 27. gxf5 Qxf5 28. Rg1+ Kh7 0-1

[Event "Sachsen-ch Seniors op 17th"]
[Site "Dresden"]
[Date "2009.02.15"]
[Round "7"]
[White "Eskandary, Jahja"]
[Black "Fritsch, Juergen"]
[Result "1-0"]
[WhiteElo "2083"]
[BlackElo "1768"]
[PlyCount "80"]
[EventDate "2009.02.09"]
[EventType "swiss"]
[EventRounds "9"]
[EventCountry "GER"]
[SourceTitle "EXT 2022"]
[Source "ChessBase"]
[SourceDate "2021.10.06"]
[SourceVersion "1"]
[SourceVersionDate "2021.10.06"]
[SourceQuality "1"]

1. e4 e5 2. Nc3 Bc5 3. Bc4 d6 4. d3 Ne7 5. f4 Bxg1 6. Rxg1 Nbc6 7. f5 Na5 8. Qf3 Nxc4 9. dxc4 f6 10. Qh5+ Kf8 11. Be3 Bd7 12. 0-0-0 Be8 13. Qf3 b6 14. g4 h6 15. h4 Bf7 16. b3 a5 17. a4 Qe8 18. Qg2 Ng8 19. g5 Qe7 20. gxh6 Rh7 21. hxg7+ Ke8 22. Nd5 Qd8 23. Bf2 Bh5 24. Rd3 Kf7 25. Rg3 Rb8 26. Qf1 c6 27. Nc3 Ne7 28. Qd3 Kg8 29. R3g2 Nc8 30. c5 bxc5 31. Bxc5 Qe7 32. Ba3 c5 33. Nd5 Qd8 34. Qa6 Bf7 35. Qd3 Rb7 36. Ne3 Qe7 37. Nc4 Qc7 38. Bb2 Rb4 39. Bc3 Bxc4 40. bxc4 Rxa4 1-0

[Event "Sachsen-ch Seniors op 17th"]
[Site "Dresden"]
[Date "2009.02.13"]
[Round "5"]
[White "Eskandary, Jahja"]
[Black "Roos, Hans Goerg"]
[Result "1-0"]
[WhiteElo "2083"]
[BlackElo "1798"]
[PlyCount "83"]
[EventDate "2009.02.09"]
[EventType "swiss"]
[EventRounds "9"]
[EventCountry "GER"]
[SourceTitle "EXT 2022"]
[Source "ChessBase"]
[SourceDate "2021.10.06"]
[SourceVersion "1"]
[SourceVersionDate "2021.10.06"]
[SourceQuality "1"]

1. e4 g6 2. Nc3 Bg7 3. d4 c6 4. Be3 d6 5. f3 Qb6 6. Rb1 e5 7. Nge2 Nd7 8. Qd2 Qd8 9. d5 c5 10. Bg5 Ngf6 11. Ng3 a6 12. a4 Qa5 13. Be2 Qb4 14. 0-0 Qd4+ 15. Be3 Qxd2 16. Bxd2 b6 17. Rfe1 h5 18. Nf1 h4 19. b4 cxb4 20. Rxb4 0-0 21. Be3 Kh7 22. Bxb6 Nxb6 23. Rxb6 Ne8 24. Reb1 h3 25. Ne3 hxg2 26. Kxg2 Bf6 27. Nc4 Be7 28. R6b3 Kg7 29. Nb6 Rb8 30. Nxc8 Rxc8 31. Bxa6 Rc5 32. Bd3 Bg5 33. Nb5 Bd2 34. Na3 Rh8 35. Rb8 Bf4 36. h3 Rc7 37. Ra8 Re7 38. Rbb8 Rg8 39. Bb5 Nf6 40. Rxg8+ Nxg8 41. Nc4 Rc7 42. Rd8 1-0